[Event "exe Slovakia Open 2025"]
[Site "Bratislava SVK"]
[Date "2025.09.14"]
[Round "2.1"]
[White "Pechac, Jergus"]
[Black "Bujukliev, Nikola"]
[Result "1-0"]
[WhiteTitle "GM"]
[WhiteElo "2544"]
[BlackElo "2130"]
[WhiteFideId "14926970"]
[BlackFideId "15000907"]
[EventDate "2025.09.13"]

1. d4 Nf6 2. c4 e6 3. Nf3 Bb4+ 4. Nc3 Ne4 5. Qd3 f5 6. g4 b6 7. Rg1 Qf6 8. gxf5
exf5 9. Bg5 Bxc3+ 10. bxc3 Nxg5 11. Rxg5 g6 12. e4 Bb7 13. exf5 Bxf3 14. Qxf3
Nc6 15. Qe3+ Ne7 16. fxg6 O-O-O 17. g7 Rhg8 18. Qe5 Qxe5+ 19. dxe5 Ng6 20. Bd3
Rxg7 21. Kf1 Rf8 22. Bxg6 Rxg6 23. Rxg6 hxg6 24. Kg2 Rf4 25. Kg3 g5 26. c5 bxc5
27. Rd1 Rc4 28. Rd3 Kd8 29. Rf3 Ke7 30. Rf6 Rxc3+ 31. Rf3 Rc1 32. Kg4 Ke6 33.
Kxg5 c4 34. Kf4 Kd5 35. Ra3 c3 36. Ke3 Kxe5 37. Kd3 Rh1 38. Rxa7 Kd6 39. Ra4
Rxh2 40. Rd4+ Ke6 41. Re4+ Kd6 42. Rd4+ Ke7 43. Re4+ Kd8 44. Re2 Rh3+ 45. Re3
Rh2 46. Rf3 Ke7 47. Kxc3 Rh4 48. Kb3 d5 49. a4 c5 50. a5 Rb4+ 51. Ka2 Kd6 52. a6
Kc7 53. Ra3 Kb8 54. Rb3 Ka7 55. Rxb4 cxb4 56. f4 d4 57. f5 d3 58. Kb3 Kxa6 59.
f6 d2 60. Kc2 Kb5 61. f7 b3+ 62. Kxd2 Kc4 63. f8=Q b2 64. Qb8 1-0

[Event "exe Slovakia Open 2025"]
[Site "Bratislava SVK"]
[Date "2025.09.14"]
[Round "2.2"]
[White "Marchesich, Giovanni"]
[Black "Heberla, Bartlomiej"]
[Result "0-1"]
[WhiteTitle "CM"]
[BlackTitle "GM"]
[WhiteElo "2189"]
[BlackElo "2502"]
[WhiteFideId "2824790"]
[BlackFideId "1115120"]
[EventDate "2025.09.13"]

1. e4 e6 2. d4 d5 3. Nc3 Bb4 4. e5 c5 5. a3 Ba5 6. b4 cxd4 7. Qg4 Kf8 8. Nb5 Bb6
9. Nf3 Nc6 10. Bb2 Nge7 11. Bd3 Ng6 12. Bxg6 hxg6 13. O-O Bd7 14. Nd6 f6 15.
Qxg6 Qe7 16. exf6 Qxf6 17. Qxf6+ gxf6 18. Nxb7 Rb8 19. b5 Ne5 0-1

[Event "exe Slovakia Open 2025"]
[Site "Bratislava SVK"]
[Date "2025.09.14"]
[Round "2.3"]
[White "Sahidi, Samir"]
[Black "Schroeder, Lennart"]
[Result "1-0"]
[WhiteTitle "IM"]
[WhiteElo "2469"]
[BlackElo "2126"]
[WhiteFideId "14936372"]
[BlackFideId "16222490"]
[EventDate "2025.09.13"]

1. e4 c5 2. Nf3 Nc6 3. Bb5 Nf6 4. e5 Nd5 5. Nc3 Nc7 6. Bxc6 dxc6 7. h3 g6 8. O-O
Bg7 9. d3 O-O 10. Re1 Ne6 11. a4 b6 12. a5 b5 13. Ne4 f5 14. exf6 exf6 15. Be3
Qd5 16. Qd2 f5 17. Nc3 Qd6 18. Bh6 Nd4 19. Bxg7 Nxf3+ 20. gxf3 Kxg7 21. Qe3 f4
22. Qe7+ Qxe7 23. Rxe7+ Rf7 24. Re8 Rf8 25. Rae1 Bxh3 26. R1e7+ Kh6 27. Rxf8
Rxf8 28. Rxa7 g5 29. a6 g4 30. Kh2 Rf5 31. Ne4 Kg6 32. Rc7 Rh5 33. Rxc6+ Kg7 34.
fxg4 Bxg4+ 35. Kg2 1-0

[Event "exe Slovakia Open 2025"]
[Site "Bratislava SVK"]
[Date "2025.09.14"]
[Round "2.4"]
[White "Durana, Jonas"]
[Black "Beliavsky, Alexander G"]
[Result "1/2-1/2"]
[BlackTitle "GM"]
[WhiteElo "2112"]
[BlackElo "2453"]
[WhiteFideId "73619663"]
[BlackFideId "14602377"]
[EventDate "2025.09.13"]

1. e4 e5 2. Nf3 Nc6 3. Bc4 Nf6 4. d3 Be7 5. Nc3 d6 6. a4 O-O 7. O-O h6 8. Bd2
Re8 9. Nd5 Bf8 10. a5 Nxd5 11. Bxd5 Ne7 12. Ba2 Ng6 13. h3 c6 14. c4 c5 15. Bb3
Be7 16. a6 Rf8 17. axb7 Bxb7 18. Nh2 f5 19. Qh5 Nf4 20. Bxf4 exf4 21. exf5 Qc8
22. Qe2 Bf6 23. Qe6+ Kh8 24. Ba4 Qc7 25. Qd7 Qb6 26. Ng4 Rad8 27. Nxf6 Rxf6 28.
Qb5 Rxf5 29. d4 f3 30. g3 Rff8 31. Qxb6 axb6 32. dxc5 bxc5 33. Bb5 d5 34. Rfd1
d4 35. Ra7 Be4 36. Ra6 d3 37. b4 1/2-1/2

[Event "exe Slovakia Open 2025"]
[Site "Bratislava SVK"]
[Date "2025.09.14"]
[Round "2.5"]
[White "Yaniv, Yuval"]
[Black "Bury, Rastislav"]
[Result "1-0"]
[WhiteTitle "IM"]
[WhiteElo "2410"]
[BlackElo "2096"]
[WhiteFideId "2823900"]
[BlackFideId "14907585"]
[EventDate "2025.09.13"]

1. e4 c5 2. Nf3 d6 3. d4 cxd4 4. Nxd4 Nf6 5. Nc3 a6 6. Bg5 e6 7. f4 h6 8. Bh4
Be7 9. Qf3 Qc7 10. O-O-O Nbd7 11. Be2 Rg8 12. Rhf1 g5 13. Bg3 gxf4 14. Qxf4 Ne5
15. Qxh6 Neg4 16. Bxg4 Nxg4 17. Qh7 Rf8 18. Rf3 Ne5 19. Nf5 exf5 20. Nd5 Qb8 21.
Rc3 Bd7 22. Bxe5 1-0

[Event "exe Slovakia Open 2025"]
[Site "Bratislava SVK"]
[Date "2025.09.14"]
[Round "2.6"]
[White "Andre, Tomas"]
[Black "Hrbek, Stepan"]
[Result "1/2-1/2"]
[WhiteTitle "CM"]
[BlackTitle "IM"]
[WhiteElo "2111"]
[BlackElo "2446"]
[WhiteFideId "14975793"]
[BlackFideId "393479"]
[EventDate "2025.09.13"]

1. e4 e5 2. Nf3 Nc6 3. d4 exd4 4. Nxd4 Bc5 5. Nb3 Bb6 6. Nc3 Qf6 7. Qe2 Nge7 8.
Be3 d6 9. O-O-O Be6 10. Nd5 Bxd5 11. exd5 Ne5 12. f4 Nc4 13. Qxc4 Bxe3+ 14. Kb1
O-O 15. g3 Bb6 16. Bd3 Rfe8 17. Nd2 Qd4 18. Qxd4 Bxd4 19. Nf3 Bf6 20. c4 Nc8 21.
Rhe1 Nb6 22. Rxe8+ Rxe8 23. Re1 Rxe1+ 24. Nxe1 Na4 25. Bc2 Nxb2 26. Bb3 c6 27.
dxc6 bxc6 28. Kc2 a5 29. a4 Kf8 30. Nf3 h6 31. Nd2 d5 32. cxd5 cxd5 33. Nf3 Ke7
34. Ne5 Bxe5 35. fxe5 Nc4 36. Bxc4 dxc4 37. Kc3 Ke6 38. Kxc4 Kxe5 39. Kb5 Kd5
40. Kxa5 Kc5 41. Ka6 Kc6 42. Ka5 Kc5 43. Ka6 f5 44. Kb7 g5 45. a5 f4 46. gxf4
gxf4 47. a6 f3 48. a7 f2 49. a8=Q f1=Q 1/2-1/2

[Event "exe Slovakia Open 2025"]
[Site "Bratislava SVK"]
[Date "2025.09.14"]
[Round "2.7"]
[White "Pavlovic, Milos"]
[Black "Canella, Jacopo"]
[Result "1-0"]
[WhiteTitle "GM"]
[WhiteElo "2409"]
[BlackElo "2080"]
[WhiteFideId "900389"]
[BlackFideId "2864750"]
[EventDate "2025.09.13"]

1. d4 d5 2. c4 e6 3. Nf3 c5 4. cxd5 exd5 5. g3 Nf6 6. Bg2 Nc6 7. O-O Be7 8. dxc5
Bxc5 9. Qc2 Bb6 10. Nc3 O-O 11. Na4 Re8 12. Nxb6 Qxb6 13. Bg5 Ne4 14. Be3 Qa6
15. Nd4 Nxd4 16. Bxd4 Bf5 17. Qd3 Qe6 18. Qb5 Bh3 19. Bxh3 Qxh3 20. Rac1 Rad8
21. Rc7 a6 22. Qxb7 Nd2 23. Rfc1 Qe6 24. Rxf7 Qxf7 25. Rc7 Rf8 26. Rxf7 Rxf7 27.
Qxa6 Ne4 28. a4 h5 29. h4 Kh7 30. Qb5 Rd6 31. Kg2 1-0

[Event "exe Slovakia Open 2025"]
[Site "Bratislava SVK"]
[Date "2025.09.14"]
[Round "2.8"]
[White "Gay, Lukas"]
[Black "Shohat, Yotam"]
[Result "0-1"]
[BlackTitle "IM"]
[WhiteElo "2093"]
[BlackElo "2382"]
[WhiteFideId "14966433"]
[BlackFideId "2813955"]
[EventDate "2025.09.13"]

1. e4 c5 2. Nf3 e6 3. d4 cxd4 4. Nxd4 a6 5. Nc3 Qc7 6. g3 Bb4 7. Bd2 Nf6 8. Bg2
O-O 9. O-O Be7 10. Qe2 d6 11. Rfe1 Nfd7 12. Be3 Nc6 13. Rad1 Rb8 14. a4 Nxd4 15.
Bxd4 b6 16. f4 Bb7 17. f5 Ne5 18. Rf1 Rfe8 19. Qf2 Bc6 20. b3 Bf6 21. h3 Qb7 22.
g4 b5 23. axb5 axb5 24. Qe3 h6 25. fxe6 fxe6 26. Ra1 Ra8 27. Rxa8 Rxa8 28. Nd1
Ra2 29. c3 Bg5 0-1

[Event "exe Slovakia Open 2025"]
[Site "Bratislava SVK"]
[Date "2025.09.14"]
[Round "2.11"]
[White "Zawisza, Alan"]
[Black "Zielonka, Adam"]
[Result "0-1"]
[BlackTitle "FM"]
[WhiteElo "2084"]
[BlackElo "2351"]
[WhiteFideId "91131456"]
[BlackFideId "21002096"]
[EventDate "2025.09.13"]

1. e4 e5 2. Nf3 Nc6 3. Bc4 Bc5 4. c3 Nf6 5. d3 O-O 6. Nbd2 d5 7. exd5 Nxd5 8.
O-O Nb6 9. Bb5 Bd6 10. a4 a5 11. Re1 Bg4 12. h3 Bh5 13. Ne4 f5 14. Ng3 Bxf3 15.
Qxf3 Ne7 16. d4 e4 17. Qh5 c6 18. Bf1 Qc7 19. Bg5 Ng6 20. Ne2 Rae8 21. Rac1 Qf7
22. b3 h6 23. Bh4 Kh7 24. Bg5 f4 25. c4 Kg8 26. h4 0-1

[Event "exe Slovakia Open 2025"]
[Site "Bratislava SVK"]
[Date "2025.09.14"]
[Round "2.12"]
[White "Jablonicky, Martin"]
[Black "Sichnenko, Grigorij"]
[Result "1-0"]
[WhiteTitle "IM"]
[WhiteElo "2363"]
[BlackElo "2047"]
[WhiteFideId "14925621"]
[BlackFideId "14972557"]
[EventDate "2025.09.13"]

1. e4 e5 2. Nf3 Nf6 3. d3 Nc6 4. g3 d5 5. exd5 Nxd5 6. Bg2 Bc5 7. O-O O-O 8. Nc3
a5 9. Re1 Nxc3 10. bxc3 Re8 11. Bb2 a4 12. a3 Bg4 13. h3 Bh5 14. c4 f6 15. Rb1
Qd6 16. g4 Bf7 17. Nd2 Bxa3 18. Ne4 Qe7 19. Bxa3 Qxa3 20. Rxb7 Qe7 21. Nc3 Nd4
22. Nd5 Bxd5 23. Bxd5+ Kh8 24. c3 Ne6 25. Rb4 Rad8 26. Bxe6 Qxe6 27. Rxa4 Qc6
28. Re3 e4 29. d4 f5 30. gxf5 Qd7 31. Ra5 Rf8 32. Qg4 Qf7 1-0

[Event "exe Slovakia Open 2025"]
[Site "Bratislava SVK"]
[Date "2025.09.14"]
[Round "2.13"]
[White "Janik, Marek Tobias"]
[Black "Dovgaliuk, Oleksandr"]
[Result "0-1"]
[BlackTitle "FM"]
[WhiteElo "2045"]
[BlackElo "2316"]
[WhiteFideId "73612715"]
[BlackFideId "14167247"]
[EventDate "2025.09.13"]

1. e4 c5 2. Nf3 d6 3. Bb5+ Bd7 4. Bxd7+ Qxd7 5. c4 e5 6. Nc3 Nc6 7. a3 Be7 8.
Rb1 f5 9. exf5 Qxf5 10. d3 Nf6 11. b4 b6 12. O-O O-O 13. Qe2 Nd4 14. Nxd4 cxd4
15. Ne4 Nxe4 16. dxe4 Qe6 17. f4 Rac8 18. f5 Qxc4 19. Qg4 d3 20. Be3 d5 21. f6
Bxf6 22. Rbc1 Qa6 23. Qe6+ Kh8 24. exd5 Rxc1 25. Rxc1 d2 26. Bxd2 Qe2 27. Qf7
Be7 0-1

[Event "exe Slovakia Open 2025"]
[Site "Bratislava SVK"]
[Date "2025.09.14"]
[Round "2.14"]
[White "Koepke, Christian"]
[Black "Striskova, Lucia"]
[Result "1-0"]
[WhiteTitle "IM"]
[BlackTitle "WFM"]
[WhiteElo "2331"]
[BlackElo "2042"]
[WhiteFideId "4655737"]
[BlackFideId "14960958"]
[EventDate "2025.09.13"]

1. Nf3 c5 2. e3 Nc6 3. d4 cxd4 4. exd4 d5 5. Ne5 Nf6 6. Bb5 Bd7 7. Nxd7 Qxd7 8.
c3 e6 9. O-O Bd6 10. Nd2 O-O 11. Re1 Qc7 12. Nf3 Ne4 13. c4 b6 14. cxd5 exd5 15.
Be3 Ne7 16. Rc1 Qb7 17. Qa4 a5 18. Ne5 Rac8 19. f3 Nf6 20. Bg5 Rxc1 21. Rxc1 Rc8
22. Re1 Bb4 23. Rd1 h6 24. Bxf6 gxf6 25. Ng4 Kg7 26. Qb3 Nf5 27. Bd7 Kg8 28. Ne3
h5 29. g3 h4 30. Kf2 Bd6 31. Bxf5 1-0

[Event "exe Slovakia Open 2025"]
[Site "Bratislava SVK"]
[Date "2025.09.14"]
[Round "2.15"]
[White "Thompson, Ian D"]
[Black "Elias, David"]
[Result "0-1"]
[WhiteTitle "FM"]
[BlackTitle "FM"]
[WhiteElo "2006"]
[BlackElo "2329"]
[WhiteFideId "405205"]
[BlackFideId "14960141"]
[EventDate "2025.09.13"]

1. Nf3 d5 2. d4 e6 3. Bf4 Nf6 4. e3 c5 5. Nbd2 Nc6 6. c3 Be7 7. h3 O-O 8. Bd3 b6
9. O-O Nh5 10. Bh2 f5 11. c4 Nf6 12. cxd5 exd5 13. Bb5 Bd7 14. Ba4 Qe8 15. dxc5
bxc5 16. Nb1 Nb4 17. Bxd7 Qxd7 18. Ne5 Qe6 19. a3 Nc6 20. Nxc6 Qxc6 21. Nc3 Rad8
22. Qe2 Ne4 23. Rac1 Rf6 24. b4 c4 25. Nxe4 fxe4 26. Be5 Rg6 27. f4 exf3 28.
Rxf3 Qe6 29. Bd4 a6 30. Rcf1 Bd6 31. Rf5 h6 32. Qh5 Kh7 33. Kh1 Bc7 34. Rf7 Qe5
35. Rf8 Qe6 36. Bc5 Rd7 37. Qf3 Qe4 38. Rf4 Qe5 39. Bd4 Bb8 40. Bc5 Qd6 41. Kg1
Qc7 42. Ba7 Qxa7 43. Rd4 Re7 44. Qxd5 Rxe3 45. Rf8 Rxh3 0-1

[Event "exe Slovakia Open 2025"]
[Site "Bratislava SVK"]
[Date "2025.09.14"]
[Round "2.16"]
[White "Boesel, Alexander"]
[Black "Farkas, Gabor1"]
[Result "0-1"]
[BlackTitle "IM"]
[WhiteElo "2054"]
[BlackElo "2316"]
[WhiteFideId "4623185"]
[BlackFideId "14908034"]
[EventDate "2025.09.13"]

1. e4 c5 2. Nf3 Nc6 3. Bb5 d6 4. O-O Bd7 5. Re1 Nf6 6. c3 a6 7. Bf1 Bg4 8. d4
cxd4 9. cxd4 e5 10. d5 Nd4 11. Nbd2 Rc8 12. Bd3 Nh5 13. h3 Nf4 14. Re3 Bh5 15.
Qa4+ Qd7 16. Qxd7+ Kxd7 17. Nxd4 exd4 18. Rg3 Be2 19. Bxe2 Nxe2+ 20. Kf1 Rxc1+
21. Rxc1 Nxc1 22. Rf3 f6 23. a4 Be7 24. Nc4 b5 25. Na5 bxa4 26. Nc6 Nb3 27. Ke2
Nc5 28. Ra3 d3+ 0-1

[Event "exe Slovakia Open 2025"]
[Site "Bratislava SVK"]
[Date "2025.09.14"]
[Round "2.17"]
[White "Nawalaniec, Adam"]
[Black "Slaba, Andrea"]
[Result "1-0"]
[WhiteTitle "FM"]
[WhiteElo "2302"]
[BlackElo "2021"]
[WhiteFideId "21023786"]
[BlackFideId "14940680"]
[EventDate "2025.09.13"]

1. e4 c6 2. d4 d5 3. exd5 cxd5 4. Bd3 Nc6 5. c3 e6 6. Nf3 Bd6 7. O-O Nge7 8. Re1
f6 9. Nh4 O-O 10. Qc2 f5 11. a4 Bd7 12. b3 Rc8 13. Qd1 Bb8 14. b4 Bd6 15. Bd2
Qc7 16. Nf3 Ng6 17. Na3 Be7 18. Qb3 Bf6 19. Rac1 Qb8 20. c4 Nxd4 21. Nxd4 Bxd4
22. cxd5 Rxc1 23. Bxc1 e5 24. Bb5 Be8 25. Bxe8 Qxe8 26. Nb5 Bb6 27. d6+ Qf7 28.
Qxf7+ Kxf7 29. a5 a6 30. axb6 axb5 31. h4 h5 32. Bb2 Ke6 33. f4 Kd7 34. Bxe5
Nxe5 35. Rxe5 Kxd6 36. g3 Kc6 37. Kf2 Kxb6 38. Ke3 Kc6 39. Kd4 Kd6 40. Rxb5 Ke6
41. Re5+ Kd6 42. Kc4 Kc6 43. Kd4 g6 44. Kc4 Rd8 45. Kb3 Rd6 46. Kc4 Kb6 47. Re7
Kc6 48. b5+ Kb6 49. Rg7 Ka7 50. Rf7 Kb6 51. Re7 Ka7 52. Rf7 Kb6 53. Rg7 Ka7 54.
Kc5 Rf6 55. Re7 Rb6 56. Re2 Rf6 57. Re3 Kb8 58. Re2 Ka7 59. Re3 Kb8 60. b6 Rc6+
61. Kb5 Rc8 62. Re7 Rg8 63. Rc7 Ka8 64. Kc5 Kb8 65. Kd6 Rh8 66. Ke6 Rd8 67. Rd7
Rc8 68. Ke7 1-0

[Event "exe Slovakia Open 2025"]
[Site "Bratislava SVK"]
[Date "2025.09.14"]
[Round "2.18"]
[White "Galla, Richard"]
[Black "Stevik, Patrik"]
[Result "0-1"]
[BlackTitle "FM"]
[WhiteElo "2035"]
[BlackElo "2314"]
[WhiteFideId "14948672"]
[BlackFideId "14944812"]
[EventDate "2025.09.13"]

1. d4 Nf6 2. c4 e6 3. g3 Bb4+ 4. Nd2 c5 5. a3 Bxd2+ 6. Qxd2 Nc6 7. dxc5 Ne4 8.
Qe3 Qa5+ 9. Bd2 Nxd2 10. Qxd2 Qxc5 11. Rc1 Qd4 12. Nf3 Qxd2+ 13. Nxd2 Ke7 14.
Bg2 a5 15. c5 Rb8 16. O-O Rd8 17. e3 b6 18. Bxc6 dxc6 19. Nb3 a4 20. Nd4 Bd7 21.
Rc4 b5 22. Rcc1 e5 23. Nc2 Bh3 24. Nb4 Rbc8 25. Rfd1 Rxd1+ 26. Rxd1 Bg4 27. Rd6
Bf3 28. h3 h5 29. Kh2 f6 30. Kg1 g5 31. Kh2 h4 32. Nd3 Be4 33. Ne1 hxg3+ 34.
Kxg3 Bf5 35. f3 e4 36. fxe4 Bxe4 37. Rd4 Bf5 38. Rd2 Be6 39. Nc2 Rh8 40. Rd6 Bc8
41. Nd4 Bxh3 42. Nxc6+ Kf7 43. Nd4 Bc8 44. Nxb5 Re8 45. Rd2 Rxe3+ 46. Kh2 Re5
47. b4 axb3 48. Nd4 g4 49. c6 Ke7 50. Nxb3 Re3 51. Nd4 Rxa3 52. Nb5 Rh3+ 53. Kg1
Rh5 54. Re2+ Re5 55. Nd4 Kd6 56. Rxe5 Kxe5 57. Ne2 f5 58. Kf2 f4 59. Ng1 Ba6 60.
c7 g3+ 61. Kg2 Ke4 62. Nh3 Ke3 63. Kg1 f3 0-1

[Event "exe Slovakia Open 2025"]
[Site "Bratislava SVK"]
[Date "2025.09.14"]
[Round "2.19"]
[White "Snehal, Bhosale"]
[Black "Maciejewski, Kamil"]
[Result "1-0"]
[WhiteTitle "CM"]
[WhiteElo "2270"]
[BlackElo "2018"]
[WhiteFideId "5021995"]
[BlackFideId "21805768"]
[EventDate "2025.09.13"]

1. d4 d6 2. Nf3 g6 3. c4 Bg7 4. Nc3 c6 5. e4 Nd7 6. Be2 Qc7 7. O-O Ngf6 8. h3
O-O 9. Be3 e5 10. d5 h6 11. Qd2 Kh7 12. Rfd1 Ne8 13. b4 f5 14. exf5 gxf5 15. Qc2
Ndf6 16. Nh4 e4 17. dxc6 bxc6 18. Rac1 Qe7 19. g3 Nc7 20. Qd2 Rd8 21. Bf4 Nce8
22. Bh5 1-0

[Event "exe Slovakia Open 2025"]
[Site "Bratislava SVK"]
[Date "2025.09.14"]
[Round "2.20"]
[White "Herka, Jakub"]
[Black "Koelber, Daniel"]
[Result "0-1"]
[WhiteElo "1992"]
[BlackElo "2270"]
[WhiteFideId "21023743"]
[BlackFideId "1643380"]
[EventDate "2025.09.13"]

1. d4 Nf6 2. c4 g6 3. Nc3 d5 4. cxd5 Nxd5 5. Bd2 Bg7 6. e4 Nxc3 7. Bxc3 O-O 8.
Qd2 Nd7 9. Nf3 b6 10. Bd3 e6 11. O-O c5 12. dxc5 Bxc3 13. Qxc3 Nxc5 14. Rfd1 Qe7
15. Ne5 Qf6 16. b4 Nd7 17. f4 Qxf4 18. Nc6 Qe3+ 19. Kh1 Re8 20. Rf1 Bb7 21. Rf3
Qg5 22. b5 Bxc6 23. bxc6 Qc5 24. Qd2 Ne5 25. Rh3 Qd4 26. Rc1 h5 27. Qe2 Rac8 28.
Bb5 a6 29. Bxa6 Rxc6 30. Rd1 Rd8 31. Rb1 Rc3 32. Rxc3 Qxc3 33. Qf2 Ng4 34. Qxb6
Rd2 35. Qb8+ Kg7 36. h3 Nf2+ 37. Kh2 Nxe4 38. Bb7 Rxg2+ 39. Kxg2 Qc2+ 40. Kf3
Qd3+ 41. Kf4 g5+ 42. Ke5 Qc3+ 0-1

[Event "exe Slovakia Open 2025"]
[Site "Bratislava SVK"]
[Date "2025.09.14"]
[Round "2.21"]
[White "Schwarz, Dusan"]
[Black "Labrovic, Jakov"]
[Result "1-0"]
[WhiteElo "2270"]
[BlackElo "2001"]
[WhiteFideId "14903890"]
[BlackFideId "14549786"]
[EventDate "2025.09.13"]

1. d4 d5 2. c4 e6 3. Nc3 Nf6 4. Bg5 Be7 5. Nf3 O-O 6. e3 Nbd7 7. Rc1 h6 8. Bh4
c6 9. Bd3 dxc4 10. Bxc4 Nd5 11. Bxe7 Qxe7 12. Ne4 b6 13. O-O Bb7 14. Qe2 Rfc8
15. Ba6 Bxa6 16. Qxa6 Rc7 17. Nc3 N7f6 18. a3 Rac8 19. b4 c5 20. Nb5 cxb4 21.
Nxc7 Rxc7 22. axb4 Nxb4 23. Rxc7 Qxc7 24. Qa3 a5 25. Rc1 Qb7 26. Ne5 Nfd5 27.
Qa4 Kf8 28. Qb5 Na2 29. Rc2 Nac3 30. Qd7 Qxd7 31. Nxd7+ Ke7 32. Nxb6 Nxb6 33.
Rxc3 Kd6 34. Rc5 a4 35. Ra5 f5 36. h4 g5 37. h5 g4 38. Kf1 1-0

[Event "exe Slovakia Open 2025"]
[Site "Bratislava SVK"]
[Date "2025.09.14"]
[Round "2.22"]
[White "Kapinaj, Matus"]
[Black "Gubin, Dmitrii"]
[Result "1/2-1/2"]
[WhiteElo "2023"]
[BlackElo "2219"]
[WhiteFideId "14980703"]
[BlackFideId "13911848"]
[EventDate "2025.09.13"]

1. e4 c5 2. Nf3 Nc6 3. Nc3 d6 4. d4 cxd4 5. Nxd4 Nf6 6. Bg5 e6 7. Qd3 Be7 8.
O-O-O a6 9. Nxc6 bxc6 10. h4 h6 11. Bd2 Rb8 12. Qg3 Qb6 13. b3 O-O 14. Bxh6 Nh5
15. Qg4 Qxf2 16. Qxh5 gxh6 17. Qxh6 Bf6 18. Rh3 Bg7 19. Qg5 Kh7 20. Qh5+ Bh6+
21. Kb1 f5 22. Rf3 Qc5 23. Rg3 Rf6 24. Qe8 Bf8 25. Qd8 Rf7 26. exf5 Qe5 27. Qg5
Rg7 28. Qh5+ Kg8 1/2-1/2

[Event "exe Slovakia Open 2025"]
[Site "Bratislava SVK"]
[Date "2025.09.14"]
[Round "2.23"]
[White "Sydoryka, Vladyslav"]
[Black "Hitka, Dominik"]
[Result "1-0"]
[WhiteTitle "FM"]
[WhiteElo "2246"]
[BlackElo "2008"]
[WhiteFideId "14145928"]
[BlackFideId "14981106"]
[EventDate "2025.09.13"]

1. d4 d5 2. c4 c6 3. Nf3 Nf6 4. Nc3 g6 5. Bf4 Bg7 6. e3 O-O 7. Be2 dxc4 8. Bxc4
Nbd7 9. O-O Nb6 10. Bb3 Nfd5 11. Be5 Nxc3 12. bxc3 Be6 13. Bxg7 Bxb3 14. Qxb3
Kxg7 15. a4 Qd5 16. Qb4 Qd6 17. Rfb1 Rab8 18. Ne5 f6 19. Nd3 Rfc8 20. Qb3 Qd5
21. Nc5 Nc4 22. e4 Qf7 23. Nd7 Ra8 24. Qxb7 Nd6 25. Qb4 a5 26. Qa3 Nxe4 27. Nb6
Nd2 28. Re1 Nc4 29. Qc5 Nxb6 30. Rxe7 Nd5 31. Rxf7+ Kxf7 32. Rb1 Rc7 33. g3 h5
34. Re1 Re7 35. Rxe7+ Nxe7 36. h4 1-0

[Event "exe Slovakia Open 2025"]
[Site "Bratislava SVK"]
[Date "2025.09.14"]
[Round "2.24"]
[White "Ng, Chun Hei"]
[Black "Brnusak, Tomas"]
[Result "0-1"]
[WhiteElo "2011"]
[BlackElo "2245"]
[WhiteFideId "6004369"]
[BlackFideId "14939878"]
[EventDate "2025.09.13"]

1. e4 e5 2. Nf3 Nc6 3. Bc4 Nf6 4. d3 h6 5. O-O d6 6. c3 g5 7. b4 Bg7 8. a4 O-O
9. Re1 Ne7 10. d4 Ng6 11. Ra2 exd4 12. Nxd4 Nxe4 13. Rxe4 d5 14. Bxd5 Qxd5 15.
Qe2 f5 16. Re8 Bd7 17. Rxa8 Rxa8 18. Rd2 Re8 19. Qd1 Qe4 20. Ne2 Nf4 21. f3
Nxe2+ 22. Kf1 Qxb1 23. Rxe2 Rxe2 24. Kxe2 Qa2+ 25. Kf1 Qc4+ 26. Kf2 Bc6 27. Be3
Qd5 28. Qc2 f4 29. Bxa7 b6 30. a5 Qc4 31. Qg6 Bb5 32. h4 0-1

[Event "exe Slovakia Open 2025"]
[Site "Bratislava SVK"]
[Date "2025.09.14"]
[Round "2.25"]
[White "Vasynda, Oleksandr"]
[Black "Haasova, Timea"]
[Result "1-0"]
[WhiteTitle "FM"]
[WhiteElo "2209"]
[BlackElo "2002"]
[WhiteFideId "14176297"]
[BlackFideId "14960109"]
[EventDate "2025.09.13"]

1. d4 Nf6 2. Nf3 e6 3. Bf4 d5 4. e3 c5 5. c3 Nc6 6. Nbd2 Qb6 7. Rb1 Be7 8. h3
Bd7 9. Bd3 Rc8 10. O-O O-O 11. Ne5 Rfd8 12. Bg5 h6 13. Bh4 cxd4 14. exd4 Na5 15.
Re1 Qc7 16. Re3 b5 17. Rg3 Nc4 18. Ng4 Kf8 19. Nxf6 Bxf6 20. Bxf6 gxf6 21. Nb3
Ke7 22. Qh5 Rg8 23. Rf3 e5 24. Qxh6 Qd6 25. Bxc4 bxc4 26. dxe5 Qxe5 27. Re3 cxb3
28. axb3 Bf5 29. Rxe5+ fxe5 30. Ra1 Rc7 31. Qh5 Kf6 32. Ra6+ Be6 33. Qh6+ Ke7
34. Rxe6+ fxe6 35. Qh7+ 1-0

[Event "exe Slovakia Open 2025"]
[Site "Bratislava SVK"]
[Date "2025.09.14"]
[Round "2.26"]
[White "Mikulas, Dusan"]
[Black "Kubik, Rafal"]
[Result "0-1"]
[WhiteTitle "FM"]
[BlackTitle "CM"]
[WhiteElo "2003"]
[BlackElo "2192"]
[WhiteFideId "14900521"]
[BlackFideId "21022852"]
[EventDate "2025.09.13"]

1. e4 c5 2. Nf3 d6 3. d4 cxd4 4. Nxd4 Nf6 5. Nc3 g6 6. f4 Nc6 7. Nf3 Bg7 8. Bd3
Qb6 9. Qe2 O-O 10. Rb1 Bg4 11. Be3 Qa5 12. O-O d5 13. exd5 Nxd5 14. Nxd5 Qxd5
15. Bc4 Qe4 16. Bd3 Qa4 17. Bc4 Nd4 18. Bxd4 Bxd4+ 19. Kh1 Bf6 20. h3 Bf5 21. g4
Bd7 22. Ne5 Bxe5 23. fxe5 Qc6+ 24. Kh2 Rac8 25. Bd3 Be6 26. b3 Rfd8 27. Rf2 Qc3
28. Rf3 b5 29. Rbf1 Rc5 30. Re3 Qb2 31. Rf2 b4 32. Bc4 Bxc4 33. bxc4 Qxa2 34. e6
f6 35. Rd3 Re8 36. Rd4 Qa6 37. Re4 Rec8 38. Qd3 0-1

[Event "exe Slovakia Open 2025"]
[Site "Bratislava SVK"]
[Date "2025.09.14"]
[Round "2.27"]
[White "Selbes, Tamer Tarik"]
[Black "Hasala, Richard"]
[Result "1-0"]
[WhiteTitle "FM"]
[WhiteElo "2209"]
[BlackElo "1996"]
[WhiteFideId "6302513"]
[BlackFideId "14969157"]
[EventDate "2025.09.13"]

1. Nf3 d5 2. g3 Nc6 3. d4 Bf5 4. c4 e6 5. Bg2 Nf6 6. O-O Be7 7. Nc3 Ne4 8. Qb3
Nxc3 9. bxc3 Na5 10. Qa4+ c6 11. Nd2 O-O 12. e4 dxe4 13. Nxe4 b6 14. Re1 Rc8 15.
Bf4 g5 16. Bc1 Bg6 17. c5 b5 18. Qd1 Nc4 19. a4 a6 20. axb5 axb5 21. Ra7 h6 22.
h4 Kg7 23. hxg5 hxg5 24. Bh3 Ra8 25. Rxa8 Qxa8 26. Nxg5 Qa5 27. Qf3 Rh8 1-0